000 00246nam a2200097Ia 4500
008 220204s9999 xx 000 0 und d
082 _a058(595)
_bMAL
245 0 _aMalaysia yearbook. 1963-64
260 _aMalaysia
_bStraits Times
_c1964
942 _cBK
999 _c20537
_d20537